Statistics for Ian McEwan Bibliography

Click here to take the quiz!

General Stats

  • This quiz has been taken 26 times
    (18 since last reset)
  • The average score is 9 of 46

Answer Stats

TypeYearName% Correct
Novel2001Atonement
88%
Novel1978The Cement Garden
76%
Novel1998Amsterdam
65%
Novel2019Machines Like Me
53%
Novel2016Nutshell
53%
Novel2005Saturday
53%
Novel2010Solar
53%
Screenplay2017On Chesil Beach
47%
Novella2007On Chesil Beach
47%
Novel1987The Child in Time
47%
Novel2012Sweet Tooth
41%
Novel1992Black Dogs
35%
Novel1997Enduring Love
35%
Screenplay2017The Children Act
35%
Novel2014The Children Act
35%
Novella2019The Cockroach
35%
Novel1990The Innocent
24%
Short Story Collection1975First Love, Last Rites
12%
Short Story1975First Love, Last Rites
12%
Novel1981The Comfort of Strangers
12%
Play1980The Imitation Game
12%
Libretto2008For You
6%
Short Story1978In Between the Sheets
6%
Short Story Collection1978In Between the Sheets
6%
Play1976Jack Flea's Birthday Celebration
6%
Short Story2016My Purple Scented Novel
6%
Oratorio1983Or Shall We Die?
6%
Children's Book1985Rose Blanche
6%
Screenplay1988Soursweet
6%
Children's Novel1994The Daydreamer
6%
Screenplay1993The Good Son
6%
Screenplay1983The Ploughman's Lunch
6%
Short Story Collection1995The Short Stories
6%
Short Story1975Butterflies
0%
Short Story1975Cocker at the Theatre
0%
Short Story1975Conversation with a Cupboard Man
0%
Short Story1978Dead as They Come
0%
Short Story1975Disguises
0%
Short Story1975Homemade
0%
Short Story1975Last Day of Summer
0%
Short Story1978Pornography
0%
Short Story1978Psychopolis
0%
Short Story1978Reflections of a Kept Ape
0%
Short Story1975Solid Geometry
0%
Short Story1978To and Fro
0%
Short Story1978Two Fragments
0%

Score Distribution

Percentile by Number Answered

Percent of People with Each Score

Your Score History

You have not taken this quiz since the last reset